Normal view MARC view
  • Khojaye, Muhammad AlI

Entry Personal Name

Number of records used in: 1

001 - CONTROL NUMBER

  • control field: 82161

003 - CONTROL NUMBER IDENTIFIER

  • control field: NUST

005 - DATE AND TIME OF LATEST TRANSACTION

  • control field: 20210906111214.0

008 - FIXED-LENGTH DATA ELEMENTS

  • fixed length control field: 210906|| aca||aabn | a|a d

040 ## - CATALOGING SOURCE

  • Original cataloging agency: NUST
  • Transcribing agency: NUST

100 ## - HEADING--PERSONAL NAME

  • Personal name: Khojaye, Muhammad AlI

670 ## - SOURCE DATA FOUND

  • Source citation: Work cat.: (NUST)0: Shamsi, Jawwad Ahmad, author. 82160, Big data systems /
© 2023 Central Library, National University of Sciences and Technology. All Rights Reserved.